000 01365nam a2200313 i 4500
001 bg
003 BPK
005 20201006113730.0
008 100519s2009 pl f f |000 0 pol
020 _a9788324925537
040 _cBPK
041 0 _apol
044 _aPOL
080 _a694.4
080 _a006.3/.8(438)"2001/..."
100 1 _aFrancke, Barbara
_eAutor
245 1 0 _aKomentarz do normy PN-EN 13956:2006 "Elastyczne wyroby wodochronne. Wyroby z tworzyw sztucznych i kauczuku do pokryć dachowych. Definicje i właściwości" wraz z zaleceniami ITB dla wyrobów objętych normą :
_b[instrukcja /
_caut. Barbara Francke ; oprac. red. Danuta Szczepańska] ; Instytut Techniki Budowlanej.
260 _aWarszawa :
_bInstytut Techniki Budowlanej,
_c2009.
300 _a22, [2] s. ;
_c24 cm.
490 1 _aInstrukcje, Wytyczne, Poradniki / Instytut Techniki Budowlanej ;
_v451/2009
648 4 _a2001-
650 4 _aDach
_xmateriały
_xnormalizacja
_zPolska
_y21 w.
655 4 _aInstrukcja
710 2 _aInstytut Techniki Budowlanej.
_4pbl.
700 1 _aSzczepańska, Danuta
_eOpracowanie
830 0 _aInstrukcje, Wytyczne, Poradniki - Instytut Techniki Budowlanej ;
_v451/2009
856 _uhttp://koha.tu.koszalin.pl/cgi-bin/koha/opac-detail.pl?biblionumber=49836
_yKatalog online BPK
942 _cKS
_2UKD
999 _c49836
_d49836